Регионална библиотека "Любен Каравелов" - Русе

Тестове по биология за ученици, учители и кандидат-студенти (Запис номер 79342)

MARC детайли
000 -Лидер
Контролно поле с фиксирана дължина 01504nam a2200361 c 4500
003 - Код на организацията, давaща контролен номер
Контролно поле BLK
005 - Дата и час на последна редакция
Контролно поле 20250620145946.0
008 - Елементи от данни с фиксирана дължина
fixed length control field 180408b bul|||||r ||||||| ||bul||
010 ## - Наследен системен номер
LC control number KNG00083816000
020 ## - Международен стандартен номер на книга ISBN
Международен стандартен номер на книга ISBN 954-18-0160-9
-- издат.: Булвест 2000
040 ## - Източник на каталожния запис
Идентификатор на билиотеката - собственик на записа BLK
041 ## - Код за език
Код за езика на текст/звукозапис или на отделно заглавие Български
Код за езика КДБФ Български
080 ## - УДК
Текстов определител УДК Биологични науки
УДК код - определител по УДК 57
УДК определител (079)(075.4)
УДК - код + определител 57(079)(075.4)
100 1# - Редна дума - Автор
Автор Славчева, Мария
Авторска отговорност първи автор
R(LIN) 259180
139 ## - Редно поле
Редна дума Славчева, Мария
Авторски знак Славч - С 44
245 10 - Сведения за заглавието
Заглавие Тестове по биология за ученици, учители и кандидат-студенти
Подзаглавни данни Върху материала от ІХ кл. : За ученици, учители и кандидат-студенти
Редно поле (дума) Мария Славчева.
257 ## - Страна на издаване
Страна на създаване/издаване България
260 ## - Област на издателските данни
-- София
Име на издателя, разпространителя и проч. Булвест 2000
Година на издаване 1999
Печатница Пловдив : Полиграфия
300 ## - Физическа характеристика
Страници 240 с.
Размери/Мащаб 21 см
380 ## - Жанр
Жанр Естествени науки. Математика
500 ## - Общи забележки
Забележка Офс. изд. - 3 100 тир. - Библиогр. с. 238.
650 #4 - Допълнително описание по предмет – тема
Основно описание – тема или топоним Биология - тестове - учебни помагала
9 (RLIN) 241798
653 ## - Ключова дума – ненормативна
Ключова дума биология
653 ## - Ключова дума – ненормативна
Ключова дума тестове
653 ## - Ключова дума – ненормативна
Ключова дума кандидатстудентски изпити
653 ## - Ключова дума – ненормативна
Ключова дума учебни помагала
852 ## - Местоположение
Форматна сигнатура Цб 214780
856 4# - Електронен адрес и достъп
Електронен формат pdf - файл
Път до файла /url/
856 4# - Електронен адрес и достъп
Електронен формат pdf - файл
Път до файла /url/
942 ## - АРТИКУЛИ
Вид на библиотечния материал Книги
Скрит в OPAC Не
Koha issues (borrowed), all copies 5
944 ## - СЪЗДАВАНЕ И РЕДАКЦИЯ на ЗАПИСА
Създаване/Редакция Създаване
Дата на регистрацията/редакция 20.05.2008
Статус, дата на статуса Минев Младен
Служител, извършил регистрацията/редакцията 30530
944 ## - СЪЗДАВАНЕ И РЕДАКЦИЯ на ЗАПИСА
Създаване/Редакция Редакция
Дата на регистрацията/редакция 09.02.2012
Статус, дата на статуса ф /
Служител, извършил регистрацията/редакцията
999 ## - СИСТЕМНИ КОНТРОЛНИ НОМЕРА
Koha biblionumber 79342
Koha biblioitemnumber 79342
Наличности
Код за отписване Код за изгубен артикул Код за повреда Коз за рестрикции Код за отдаване Артикулен № Име на библиотеката - собственик Име на библиотеката, в която се намира в момента Статус (Текущо местоположение) Дата на вписване в системата Местоположение - отдел Цена в лева Инвентарен номер Систематично азбучна сигнатура Баркод Номер на екземпляра Цена в евро Служебна бележка Служебен тип на артикула Източник на класификационната схема
  Не е изгубен Не е повреден без рестрикции заемане за дома 128412 Регионална библиотека "Любен Каравелов" Русе Регионална библиотека "Любен Каравелов" Русе Заемна - подръчен фонд 2008-05-20 Заемна - подръчен фонд 6.00 120000726426 П 57(07)/С 44 120000726426 1 3.07 Дост: Pk Вид: Ф N: 3674 Дата: 14.05.2008 Дата инв: 02.02.2018 Бележки инв: П2018 Книги  
  Не е изгубен Не е повреден без рестрикции ползва се в читалня 128413 Регионална библиотека "Любен Каравелов" Русе Регионална библиотека "Любен Каравелов" Русе Хранилище 2011-12-14 Основен фонд - ползва се само за читалня 3.40 120000755086 Цб 214780 120000755086 2 1.74 Дост: DA Вид: А N: 24 Дата: 14.12.2011 Книги Universal Decimal Classification
  Не е изгубен Не е повреден без рестрикции заемане за дома 128414 Регионална библиотека "Любен Каравелов" Русе Регионална библиотека "Любен Каравелов" Русе Заемна - подръчен фонд 2011-12-14 Заемна - подръчен фонд 6.00 120000755114 П 57(07)/С 44 120000755114 3 3.07 Дост: DA Вид: А N: 24 Дата: 14.12.2011 Дата инв: 02.02.2018 Бележки инв: П2018 Книги  
Vip Innovations Ltd, Rousse, Bulgaria 2025